Dones de les Corts : itineraris històrics itineraris històrics
ISBN:
9788498502190
Descripción Física:
86 p. : il. col. ; 21 cm
Materias:
Dones -- Condicions socials -- S.XX
MARC
| LEADER | 00000nam a2200000Ia 4500 | ||
|---|---|---|---|
| 001 | 23703 | ||
| 008 | 160829s2010 xx 000 0 cat d | ||
| 020 | |a 9788498502190 | ||
| 080 | |a Bib-20 | ||
| 100 | |a Segura Soriano, Isabel |9 49220 | ||
| 245 | |a Dones de les Corts : |b itineraris històrics | ||
| 260 | |a Barcelona : |b Ajuntament de Barcelona. Districte de les Corts, |c 2010 | ||
| 300 | |a 86 p. : |b il. col. ; |c 21 cm | ||
| 650 | |a Dones |x Condicions socials |x S.XX |9 49221 | ||
| 710 | 2 | |a Barcelona (Catalunya). |b Districte de Les Corts |9 52915 | |
| 901 | |a Arxiu | ||
| 942 | |n 1 | ||
| 952 | |0 0 |1 0 |4 0 |6 BIB20 |7 1 |9 55212 |a Arxiu |b Arxiu |d 2016-12-01 |l 0 |o Bib-20 |p 23703 |r 2016-12-01 00:00:00 |w 2016-12-01 |y ARXIU | ||
| 999 | |c 59084 |d 59084 | ||